Tuyển tập văn thơ Phương Đình Nguyễn Văn Siêu

Nội dung sách giới thiệu những tác phẩm thơ - văn chữ Hán của Phương Đình Nguyễn Văn Siêu có phiên âm và dịch nghĩa do Phó giáo sư Trần Lê Sáng chủ trì.

Wedi'i Gadw mewn:
Manylion Llyfryddiaeth
Prif Awdur: Nguyễn, Văn Siêu
Fformat: Llyfr
Iaith:Undetermined
Cyhoeddwyd: Hà Nội Nhà xuất bản Hà Nội 2010
Pynciau:
Tagiau: Ychwanegu Tag
Dim Tagiau, Byddwch y cyntaf i dagio'r cofnod hwn!
Thư viện lưu trữ: Trung tâm Học liệu Trường Đại học Cần Thơ
LEADER 01110nam a2200217Ia 4500
001 CTU_165430
008 210402s9999 xx 000 0 und d
082 |a 895.92211 
082 |b S309/T.2 
100 |a Nguyễn, Văn Siêu 
245 0 |a Tuyển tập văn thơ Phương Đình Nguyễn Văn Siêu 
245 0 |c Nguyễn, Văn Siêu ; Trần Lê Sáng ( tuyển dịch và giới thiệu ) ... [ et al. ] 
260 |a Hà Nội 
260 |b Nhà xuất bản Hà Nội 
260 |c 2010 
520 |a Nội dung sách giới thiệu những tác phẩm thơ - văn chữ Hán của Phương Đình Nguyễn Văn Siêu có phiên âm và dịch nghĩa do Phó giáo sư Trần Lê Sáng chủ trì. 
650 |a Vietnamese literature,Vietnamese poetry,Văn học Việt Nam,Thơ Việt Nam 
650 |x Collection,Collection,Tuyển tập,Tuyển tập 
650 |y 19th century,19th century,Thế kỷ 19,Thế kỷ 19 
904 |i QHieu 
980 |a Trung tâm Học liệu Trường Đại học Cần Thơ